| Tag |
First Indicator |
Second Indicator |
Subfields |
| LEADER |
00000cam a22000001 4500 |
| 001 |
in00000038594 |
| 005 |
20151007081145.0 |
| 008 |
720121s1964 nju b 00010 eng |
| 010 |
|
|
|a 64014392
|
| 035 |
|
|
|a (OCoLC)00497334
|
| 035 |
|
|
|9 AAF5954AM
|
| 040 |
|
|
|a DLC
|c DLC
|d TXA
|d UtOrBLW
|
| 049 |
|
|
|a TXAM
|c [414899]
|
| 050 |
0 |
0 |
|a JA83
|b .W3
|
| 082 |
0 |
|
|a 320.9
|
| 092 |
|
|
|a 320.9
|b W335a
|
| 100 |
1 |
|
|a Watkins, Frederick Mundell,
|d 1910-
|
| 245 |
1 |
4 |
|a The age of ideology: political thought, 1750 to the present /
|c [by] Frederick M. Watkins.
|
| 264 |
|
1 |
|a Englewood Cliffs, N.J. :
|b Prentice-Hall,
|c [1964]
|
| 300 |
|
|
|a xi, 116 pages ;
|c 24 cm.
|
| 336 |
|
|
|a text
|b txt
|2 rdacontent
|
| 337 |
|
|
|a unmediated
|b n
|2 rdamedia
|
| 338 |
|
|
|a volume
|b nc
|2 rdacarrier
|
| 490 |
1 |
|
|a Foundations of modern political science series
|
| 504 |
|
|
|a Bibliography: pages 111-113.
|
| 650 |
|
0 |
|a Political science
|x History.
|
| 740 |
0 |
|
|a Political thought, 1750 to the present.
|
| 830 |
|
0 |
|a Prentice-Hall foundations of modern political science series.
|
| 999 |
|
|
|a MARS
|
| 999 |
f |
f |
|s 7aa824e1-bf36-374c-9c28-d6e13d5067b3
|i e1d2ba79-4873-361e-8e8c-2f68219e1f45
|t 0
|
| 952 |
f |
f |
|p ric
|a Texas A&M University
|b Rellis Campus
|c Joint Library Facility
|d Remote Storage
|t 0
|e JA83 .W3
|h Library of Congress classification
|i unmediated -- volume
|m A14800659741
|
| 998 |
f |
f |
|a JA83 .W3
|t 0
|l Remote Storage
|